000 00556nam a2200229Ia 4500
003 OSt
005 20220918200715.0
006 a|||||r|||| 00| 0
007 ta
008 220917b |||||||| |||| 00| 0 eng d
024 _a89,929
037 _cTextual
040 _aARTS
_cARTS
_beng
041 _2eng
_aeng
082 _aU8:4312:N5, J9
100 _aMeeker Oden
_995224
245 0 _aLittle world of Laos
260 _c1959
650 _aGEOGRAPHY
942 _hU8:4312:N5, J9
_cTEXL
_2CC
999 _c213598
_d213598